[Event "St Petersburg zt"]
[Site "St Petersburg"]
[Date "1993.??.??"]
[Round "7"]
[White "Sveshnikov, Evgeny"]
[Black "Dreev, Alexey"]
[Result "1-0"]
[WhiteElo "2555"]
[BlackElo "2560"]

1.e4 e6 2.d4 d5 3.e5 c5 4.c3 Nc6 5.Nf3 Bd7 6.Be2 Nge7 7.Na3 cxd4 8.cxd4 Nf5
9.Nc2 Nb4 10.O-O Nxc2 11.Qxc2 h5 12.Bd2 Be7 13.Bd3 Qb6 14.Bxf5 exf5 15.Bg5 Bxg5
16.Nxg5 Qxd4 17.Rfd1 Qh4 18.Qd2 Qc4 19.Rac1 Qb5 20.a4 Qb3 21.Rc3 Qb6 22.Qxd5 O-O
23.a5 Qxb2 24.Qf3 g6 25.Rxd7 Rac8 26.Rxc8 Rxc8 27.Rd1 Rc1 28.Qd5 Rxd1+ 29.Qxd1 Qxe5
30.Qd8+ Kg7 31.Qh8+ Kxh8 32.Nxf7+ Kg7 33.Nxe5 Kf6 34.f4 g5 35.Kf2 gxf4 36.Nd3 b5
37.Nxf4 h4 38.Ke3 Ke5 39.Ng6+  1-0

[Event "St Petersburg zt"]
[Site "St Petersburg"]
[Date "1993.??.??"]
[Round "8"]
[White "Dreev, Alexey"]
[Black "Ruban, Vadim"]
[Result "1-0"]
[WhiteElo "2560"]
[BlackElo "2595"]

1.d4 Nf6 2.Nf3 e6 3.Bg5 c5 4.e3 Qb6 5.Qc1 Ne4 6.Bf4 d5 7.Bd3 Nc6 8.c3 Be7
9.h4 O-O 10.Nbd2 f5 11.Ne5 Nxe5 12.Bxe5 Bd7 13.f3 Nd6 14.f4 Bb5 15.Bc2 Rac8
16.Bxd6 Bxd6 17.Nf3 Ba6 18.Kf2 Qc7 19.g3 b5 20.a3 Bb7 21.Bd3 Qb6 22.Qd2 a5
23.Ng5 Be7 24.Qe2 h6 25.Nf3 Bc6 26.Ne5 Be8 27.g4 Bd6 28.gxf5 Bxe5 29.fxe5 exf5
30.h5 c4 31.Bc2 b4 32.axb4 axb4 33.Kg3 Bd7 34.Kf4 Be6 35.Qg2 Rb8 36.Rhg1 Rf7
37.Qg6 Kh8 38.cxb4 Qxb4 39.Qxe6 Qd2 40.Kf3 Qxc2 41.b4 Qe4+ 42.Ke2 Rfb7 43.Qg6 Qd3+
44.Kf3 c3 45.Ra6 Qe4+ 46.Ke2 Qh4 47.Re6 Qd8 48.Rc6 Rc8 49.b5 Rcc7 50.Qd6 Rd7
51.Qc5 Rb8 52.Qxc3 Qe8 53.Rgg6 Rxb5 54.Rc8 Rd8 55.Qc7  1-0

[Event "Tilburg"]
[Site "Tilburg"]
[Date "1993.??.??"]
[Round "2"]
[White "Dreev, Alexey"]
[Black "Gelfand, Boris"]
[Result "1/2-1/2"]
[WhiteElo "2570"]
[BlackElo "2670"]

1.d4 Nf6 2.c4 g6 3.Nc3 Bg7 4.e4 d6 5.f3 O-O 6.Bg5 c5 7.d5 e6 8.Qd2 h6 9.Bxh6 Nxe4
10.Nxe4 Qh4+ 11.g3 Qxh6 12.Qxh6 Bxh6 13.Nxd6 exd5 14.cxd5 Nd7 15.f4 Nb6 16.O-O-O Rd8
17.Nxc8 Raxc8 18.Bh3 f5 19.Ne2 Bg7 20.g4 Rxd5 21.gxf5 gxf5 22.Bg2 Rxd1+ 23.Rxd1 Re8
24.Ng3 Bd4 25.Bxb7 Be3+ 26.Kc2 Bxf4 27.Bc6 Re5 28.Rd3 Kf8 29.Ra3 Bxg3 30.hxg3 Re2+
31.Kd3 Rxb2 32.Rxa7 Rb4 33.Rb7 Rd4+ 34.Kc3 Nc4 35.Rb5 Ne5 36.Rxc5 Nxc6 37.Rxc6 Rg4
38.Rf6+ Ke7 39.Rxf5 Rxg3+ 40.Kb4 Kd7 41.Rc5 Rg8 42.a4 Rb8+  1/2-1/2

[Event "Tilburg"]
[Site "Tilburg"]
[Date "1993.??.??"]
[Round "2"]
[White "Gelfand, Boris"]
[Black "Dreev, Alexey"]
[Result "0-1"]
[WhiteElo "2670"]
[BlackElo "2570"]

1.d4 d5 2.c4 c6 3.Nc3 Nf6 4.Nf3 e6 5.e3 Nbd7 6.Bd3 dxc4 7.Bxc4 b5 8.Bd3 Bb7
9.O-O a6 10.e4 c5 11.d5 c4 12.Bc2 Qc7 13.Nd4 e5 14.Nf5 g6 15.Nh6 Nh5 16.Qf3 Nf4
17.Nxf7 Kxf7 18.g3 g5 19.gxf4 gxf4 20.Qh5+ Ke7 21.Qh4+ Kf7 22.Bd1 Rg8+ 23.Kh1 Nf6
24.Bh5+ Rg6 25.Bxg6+ hxg6 26.Rg1 Be7 27.Qh6 Rg8 28.f3 b4 29.Ne2 Nxd5 30.exd5 Bxd5
31.Rf1 Bf6 32.Qh7+ Rg7 33.Qh3 Be6 34.Qg2 g5 35.a3 g4 36.axb4 Bd5 37.Nc3 gxf3
38.Qf2 Bb7 39.Ra5 Qd7 40.Nd5 Bxd5 41.Qd2 Bc6 42.Qxd7+ Bxd7 43.Rxa6 Bh3 44.Rf2 Bh4  0-1

[Event "Alushta4"]
[Site "Alushta"]
[Date "1994.??.??"]
[Round "2"]
[White "Dreev, Alexey"]
[Black "Golubev, Mihail"]
[Result "1-0"]
[WhiteElo "2645"]
[BlackElo "2560"]

1.d4 Nf6 2.c4 g6 3.Nc3 Bg7 4.e4 d6 5.f3 O-O 6.Bg5 Nc6 7.Nge2 a6 8.Qd2 Rb8
9.Rc1 Bd7 10.b3 b5 11.d5 Ne5 12.f4 Neg4 13.Ng3 h6 14.Bh4 Nh7 15.h3 Ngf6 16.Bd3 e5
17.fxe5 dxe5 18.Nge2 c6 19.Bf2 Nh5 20.Bc5 Re8 21.O-O Ng5 22.Be3 Rf8 23.dxc6 Bxc6
24.Nd5 bxc4 25.bxc4 Ne6 26.g3 Nd4 27.Kh2 Kh7 28.Rf2 a5 29.Rcf1 Rb7 30.Qc3 Qb8
31.Qxa5 Rb2 32.Bc1 Rb7 33.Ba3 Ra7 34.Qc3 Rc8 35.Rxf7 Bxd5 36.exd5 Nb5 37.Bxg6+ Kh8
38.Qf3 Nxg3 39.Nxg3 Rxa3 40.Bd3  1-0

[Event "Alushta4"]
[Site "Alushta"]
[Date "1994.??.??"]
[Round "4"]
[White "Dreev, Alexey"]
[Black "Onischuk, Alexander"]
[Result "0-1"]
[WhiteElo "2645"]
[BlackElo "2535"]

1.d4 d5 2.c4 c6 3.e3 Nf6 4.Nc3 e6 5.Nf3 Nbd7 6.Bd3 dxc4 7.Bxc4 b5 8.Bd3 Bb7
9.O-O a6 10.e4 c5 11.d5 Qc7 12.b3 Be7 13.Bg5 O-O 14.Re1 Ne5 15.Nxe5 Qxe5
16.Qd2 Nxd5 17.exd5 Qxg5 18.Qxg5 Bxg5 19.Ne4 Be7 20.d6 Bf6 21.Rac1 Bxe4 22.Bxe4 Rad8
23.Red1 Bd4 24.b4 Rxd6 25.bxc5 Bxc5 26.Rxd6 Bxd6 27.Rc6 Rd8 28.Rxa6 Bf8 29.Bc2 Rc8
30.Bd3 Rc1+ 31.Bf1 b4 32.g3 g6 33.Kg2 Rc2 34.Kf3 Bc5 35.Be2 e5 36.Ra8+ Kg7
37.Re8 f6 38.Rc8 f5 39.Kg2 Rxa2 40.Rxc5 Rxe2 41.Kf1 Re4 42.f3 Re3 43.Kf2 Rc3
44.Rxe5 Rc2+ 45.Ke3 Rxh2 46.Rb5 Rb2 47.Rb7+ Kh6 48.Kf4 b3 49.g4 fxg4 50.fxg4 g5+
51.Kf3 Rb1 52.Kg2 Kg6 53.Rb6+ Kf7 54.Rb7+ Ke6 55.Rxh7 Kd5 56.Rb7 Ke4 57.Rc7 Kd4
58.Rb7 Kc3 59.Rc7+ Kb2 60.Rc5 Rc1 61.Rxg5 Rc3 62.Rb5 Kc2  0-1

[Event "Alushta4"]
[Site "Alushta"]
[Date "1994.??.??"]
[Round "5"]
[White "Nenashev, Alexander"]
[Black "Dreev, Alexey"]
[Result "0-1"]
[WhiteElo "2575"]
[BlackElo "2645"]

1.d4 d5 2.c4 c6 3.Nf3 Nf6 4.e3 Bf5 5.Nc3 e6 6.Nh4 Bg4 7.Qb3 Qc7 8.h3 Bh5
9.g4 Bg6 10.Nxg6 hxg6 11.g5 Nfd7 12.e4 dxe4 13.Nxe4 e5 14.Be3 Na6 15.Bg2 exd4
16.Bxd4 Nac5 17.Qe3 O-O-O 18.h4 Nxe4 19.Qxe4 f5 20.gxf6 Bb4+ 21.Kf1 Nxf6
22.Qe5 Bd6 23.Qe6+ Kb8 24.c5 Bf4 25.Bxf6 gxf6 26.b4 Rhe8 27.Qg4 Qe5 28.Rd1 Rd3
29.Bf3 f5 30.Qh3 Ra3 31.Kg2 Rxa2 32.Rhf1 a6 33.Rd6 Qg7 34.Rdd1 Qf6 35.Rfe1 Rh8
36.Rd7 Be5 37.h5 gxh5 38.Kh1 Rxf2 39.Re2 Rxe2 40.Bxe2 Bc7 41.b5 axb5 42.Qf3  0-1

[Event "Alushta4"]
[Site "Alushta"]
[Date "1994.??.??"]
[Round "7"]
[White "Sveshnikov, Evgeny"]
[Black "Dreev, Alexey"]
[Result "0-1"]
[WhiteElo "2585"]
[BlackElo "2645"]

1.e4 c6 2.d4 d5 3.e5 Bf5 4.Nc3 e6 5.g4 Bg6 6.Nge2 Ne7 7.h4 h5 8.Nf4 hxg4
9.Nxg6 Nxg6 10.h5 c5 11.Qxg4 cxd4 12.hxg6 Rxh1 13.Qf3 f5 14.Qxh1 dxc3 15.bxc3 Qc7
16.Rb1 Nd7 17.f4 Qxc3+ 18.Bd2 Qg3+ 19.Kd1 O-O-O 20.Qg2 Qa3 21.Qe2 Nc5 22.Qb5 Qf3+
23.Qe2 Qg3 24.Qe3 Qxg6 25.Bb4 b6 26.Kc1 Qh6 27.Kb2 Na4+ 28.Kb3 Bxb4 29.Ba6+ Kc7
30.Kxa4 Bc5 31.Qg3 Qh8 32.Kb3 Kb8 33.a4 Qh6 34.Rf1 Rh8 35.Qd3 Qh3 36.Rf3 Qh1
37.Qf1 Qh2 38.Qb5 Kc7 39.Rc3 Qg1 40.Ka2 Rh1 41.Qb2 Qd4 42.Bb5 a6 43.a5 axb5
44.Qxb5 Qxc3 45.axb6+ Kd8  0-1

[Event "Brno-A"]
[Site "Brno"]
[Date "1994.??.??"]
[Round "3"]
[White "Bischoff, Klaus"]
[Black "Dreev, Alexey"]
[Result "1-0"]
[WhiteElo "2525"]
[BlackElo "2650"]

1.c4 c6 2.Nf3 d5 3.e3 Nf6 4.Nc3 e6 5.d4 Nbd7 6.Qc2 Bd6 7.Bd2 O-O 8.h3 c5
9.cxd5 exd5 10.g4 Re8 11.Bg2 a6 12.a4 b6 13.O-O Bb7 14.Rfd1 Rc8 15.Be1 c4
16.b3 Bb8 17.Nd2 Qc7 18.Nf1 Nf8 19.f3 Qd8 20.b4 Bd6 21.Rab1 h6 22.Bf2 Ng6
23.Re1 Nd7 24.f4 Nf6 25.Ng3 Nh4 26.Bh1 Bf8 27.Kh2 Rc7 28.b5 a5 29.Rg1 Bb4
30.Rbf1 Rce7 31.Nge2 Ng6 32.Qc1 Bd6 33.Bf3 Bb8 34.Kg2 Bc8 35.Rh1 Bc7 36.Rfg1 Ne4
37.Bxe4 dxe4 38.f5 Nf8 39.Bh4 f6 40.Bg3 Nh7 41.Bxc7 Rxc7 42.h4 h5 43.Ng3 hxg4
44.Qd1 Qd6 45.Qxg4 Kh8 46.Qh5 Rd8 47.Nge2 Qd7 48.Rf1 Kg8 49.Rf4 Nf8 50.Kf2 Bb7
51.Rg1 Qe8 52.Qh6 Nh7 53.Qg6 Qe7 54.Qg3 Qd7 55.Ke1 Re8 56.Rg4 Re7 57.Qf4 Rf7
58.R4g2 Qe7 59.Kf2 Qf8 60.Rg6 Kh8 61.Qg4 Rfd7 62.Nf4 Qa3 63.Nce2 Bd5 64.Nxd5 Rxd5
65.Rxg7 Rxf5+ 66.Qxf5 Rxg7 67.Qc8+ Qf8 68.Qxf8+ Nxf8 69.Rxg7 Kxg7 70.Ng3 Ng6
71.Nf5+ Kf8 72.h5 Nh8 73.Ke2 Nf7 74.Kd2 Ke8 75.Kc3 Kd7 76.d5  1-0

[Event "Brno-A"]
[Site "Brno"]
[Date "1994.??.??"]
[Round "4"]
[White "Dreev, Alexey"]
[Black "Haba, Petr"]
[Result "1-0"]
[WhiteElo "2650"]
[BlackElo "2505"]

1.d4 d5 2.c4 c6 3.Nf3 Nf6 4.Qc2 dxc4 5.Qxc4 Bf5 6.g3 e6 7.Bg2 Nbd7 8.O-O Be7
9.Nc3 O-O 10.Bg5 Ne4 11.Bxe7 Qxe7 12.Qb3 Rab8 13.Nd1 Nd6 14.Re1 Rfe8 15.Nc3 e5
16.Qa3 e4 17.Nh4 e3 18.fxe3 Qxe3+ 19.Kh1 Qe6 20.e4 Bh3 21.Bxh3  1-0

[Event "Brno-A"]
[Site "Brno"]
[Date "1994.??.??"]
[Round "5"]
[White "Babula, Vlastimil"]
[Black "Dreev, Alexey"]
[Result "0-1"]
[WhiteElo "2515"]
[BlackElo "2650"]

1.d4 d5 2.c4 c6 3.Nf3 Nf6 4.e3 Bf5 5.cxd5 cxd5 6.Qb3 Qc7 7.Nc3 e6 8.Bd2 Nc6
9.Rc1 Nd7 10.Bb5 Be7 11.Na4 O-O 12.O-O a6 13.Bxc6 bxc6 14.Rc3 Rfb8 15.Qd1 Bb4
16.Rc1 Bd6 17.Qe2 e5 18.Nh4 Be6 19.dxe5 Nxe5 20.h3 c5 21.f4 Nc4 22.Bc3 Qe7
23.Nf3 Bd7 24.b3 Qxe3+ 25.Qxe3 Nxe3 26.Rfe1 Bxa4 27.Be5 Bxe5 28.Nxe5 d4 29.bxa4 Rb2
30.g4 Rg2+ 31.Kh1 Rxa2 32.Rxc5 f6 33.Nf3 Rd8 34.Rcc1 Ra3 35.Ra1 Rc3 36.Rac1 Rdc8
37.Rxc3 dxc3 38.Rc1 c2 39.Kg1 Nd5 40.Nd4  0-1

[Event "Brno-A"]
[Site "Brno"]
[Date "1994.??.??"]
[Round "6"]
[White "Dreev, Alexey"]
[Black "Blatny, Pavel"]
[Result "1-0"]
[WhiteElo "2650"]
[BlackElo "2485"]

1.d4 Nf6 2.c4 c6 3.Nc3 d5 4.e3 g6 5.Nf3 Bg7 6.Be2 dxc4 7.Bxc4 O-O 8.h3 b5
9.Bd3 Nbd7 10.O-O Bb7 11.e4 e6 12.e5 Ne8 13.Bg5 Qc7 14.Rc1 a6 15.Re1 c5 16.Be4 cxd4
17.Nxb5 Qb6 18.Bxb7 Qxb7 19.Nbxd4 Nc7 20.Qd2 Rfc8 21.Nf5 gxf5 22.Qxd7 Qb8
23.Nd4 Nd5 24.Nxf5 Rxc1 25.Rxc1 Nb6 26.Ne7+ Kf8 27.Qc6 Bxe5 28.Qe4 Bh2+ 29.Kh1 Qe5
30.Qxa8+  1-0

[Event "Brno-A"]
[Site "Brno"]
[Date "1994.??.??"]
[Round "8"]
[White "Dreev, Alexey"]
[Black "Epishin, Vladimir"]
[Result "1/2-1/2"]
[WhiteElo "2650"]
[BlackElo "2650"]

1.d4 Nf6 2.c4 e6 3.Nf3 b6 4.a3 Bb7 5.Nc3 d5 6.Qc2 Be7 7.cxd5 Nxd5 8.Bd2 Nd7
9.e4 Nxc3 10.Bxc3 O-O 11.Rd1 c5 12.dxc5 Qc8 13.cxb6 axb6 14.Bb5 Nc5 15.Rd4 f5
16.exf5 Rxf5 17.Rg4 Bf8 18.Ne5 Ba6 19.Bxa6 Qxa6 20.Qe2 h5 21.Rc4 b5 22.Rb4 Na4
23.Re4 Nxc3 24.bxc3 Qxa3 25.O-O Qxc3 26.Ng6  1/2-1/2

[Event "Dortmund"]
[Site "Dortmund"]
[Date "1994.??.??"]
[Round "1"]
[White "Dreev, Alexey"]
[Black "Timman, Jan H"]
[Result "1/2-1/2"]
[WhiteElo "2645"]
[BlackElo "2620"]

1.d4 Nf6 2.c4 e6 3.Nf3 b6 4.a3 Bb7 5.Nc3 d5 6.Qc2 Be7 7.cxd5 exd5 8.Bf4 O-O
9.e3 c5 10.Rd1 Na6 11.Bd3 Nc7 12.O-O Ne6 13.Be5 c4 14.Bf5 g6 15.Bh3 a6 16.b3 b5
17.bxc4 bxc4 18.Qa4 Qe8 19.Qxe8 Rfxe8 20.Rb1 Bc6 21.Rb6 Rec8 22.Bxf6 Bxf6
23.Ne5 Bxe5 24.dxe5 Rc7 25.Bxe6 fxe6 26.Rfb1 Kf7 27.f3 Rd8 28.Rd1 a5 29.Kf2 Ke7
30.Ne2 Bd7 31.Rc1 Rdc8 32.Nd4 c3 33.Ke2 c2 34.Kd2 Rc3 35.Rb3 Rxb3 36.Nxb3 Rb8
37.Nd4 Ba4 38.Rxc2 Kd7 39.Ra2 Rb1 40.Ke2 Bb3 41.Nxb3 Rxb3 42.a4 Rb4 43.f4 Kc6
44.Kf3 Rc4 45.Kg4 h6 46.h4 Kc5 47.h5 g5 48.Kf3 gxf4 49.exf4 Rc3+ 50.Kf2 d4
51.Rb2 Kd5 52.Rb6 Ra3 53.Rd6+ Ke4 54.Rxe6 Kxf4 55.Rf6+ Kxe5 56.Rxh6 Ra2+
57.Kf3 Ra3+ 58.Kf2 Ra2+ 59.Kf3 Ra3+ 60.Kf2  1/2-1/2

[Event "Dortmund"]
[Site "Dortmund"]
[Date "1994.??.??"]
[Round "2"]
[White "Dreev, Alexey"]
[Black "Piket, Jeroen"]
[Result "0-1"]
[WhiteElo "2645"]
[BlackElo "2660"]

1.d4 Nf6 2.c4 c6 3.Nf3 d5 4.e3 g6 5.Nc3 Bg7 6.Be2 O-O 7.O-O dxc4 8.Bxc4 Bg4
9.h3 Bxf3 10.Qxf3 Nbd7 11.Bb3 e5 12.Rd1 Qe7 13.e4 exd4 14.Rxd4 Rad8 15.Be3 Nc5
16.Bc2 Nfd7 17.Rdd1 b5 18.Qe2 Nb6 19.Rxd8 Rxd8 20.Re1 Nc4 21.Bc1 Ne6 22.Qf1 Qc5
23.Bb3 Nd2 24.Bxd2 Rxd2 25.Bxe6 fxe6 26.e5 Rxb2 27.Ne4 Qxe5 28.Qd3 Qd5 29.Qg3 Be5
30.f4 Bd4+ 31.Kh2 c5 32.Qh4 Rxa2 33.Qe7 h5 34.Qe8+ Kg7 35.Qe7+ Kh6 36.h4 Qf5
37.Ng3 Qxf4 38.Rxe6 Ra1  0-1

[Event "Dortmund"]
[Site "Dortmund"]
[Date "1994.??.??"]
[Round "4"]
[White "Dreev, Alexey"]
[Black "Leko, Peter"]
[Result "1-0"]
[WhiteElo "2645"]
[BlackElo "2545"]

1.d4 Nf6 2.c4 g6 3.Nc3 d5 4.Bf4 Bg7 5.e3 c5 6.dxc5 Qa5 7.Qa4+ Qxa4 8.Nxa4 Be6
9.Bxb8 Rxb8 10.cxd5 Nxd5 11.Bb5+ Kf8 12.Rc1 a6 13.Bc4 Nb4 14.Bxe6 fxe6 15.Ke2 Nxa2
16.Rc4 a5 17.Nf3 Nb4 18.Ng5 e5 19.Nb6 Ke8 20.Ra1 Nc6 21.Rca4 Bf6 22.Ne4 Kf7
23.Nc4 Rhc8 24.Nxa5 b6 25.Nxc6 Rxc6 26.Ra6 Rc7 27.Rxb6 Rxb6 28.cxb6 Rc6 29.Ra6 Rc2+
30.Kd3 Rxb2 31.b7 h6 32.Nc5 e4+ 33.Kxe4  1-0

[Event "Dortmund"]
[Site "Dortmund"]
[Date "1994.??.??"]
[Round "5"]
[White "Epishin, Vladimir"]
[Black "Dreev, Alexey"]
[Result "1/2-1/2"]
[WhiteElo "2650"]
[BlackElo "2645"]

1.d4 d5 2.c4 c6 3.Nc3 Nf6 4.e3 e6 5.Nf3 Nbd7 6.Qc2 Bd6 7.Be2 O-O 8.O-O b6
9.e4 dxe4 10.Nxe4 Nxe4 11.Qxe4 Bb7 12.Bd3 g6 13.Re1 Re8 14.Bg5 Qc7 15.Rad1 c5
16.d5 f6 17.Bh6 Ne5 18.Nxe5 Bxe5 19.Qg4 f5 20.Qg5 Bxh2+ 21.Kh1 Bd6 22.dxe6 Be7
23.Qe3 Bf6 24.Bc2 Qc6 25.f3 Re7 26.Bg5 Bxg5 27.Qxg5 Rxe6 28.Bxf5 Rxe1+ 29.Rxe1 Re8
30.Be4 Qd7 31.Bd5+ Bxd5 32.Rxe8+ Qxe8 33.cxd5 Kf7 34.Qf4+ Ke7 35.Qc7+ Kf6
36.Qd6+  1/2-1/2

[Event "Dortmund"]
[Site "Dortmund"]
[Date "1994.??.??"]
[Round "7"]
[White "Jussupow, Artur"]
[Black "Dreev, Alexey"]
[Result "1/2-1/2"]
[WhiteElo "2665"]
[BlackElo "2645"]

1.d4 d5 2.c4 c6 3.Nc3 Nf6 4.Nf3 a6 5.e3 b5 6.cxd5 cxd5 7.Bd2 e6 8.Rc1 Bb7
9.Be2 Bd6 10.a3 O-O 11.O-O Nbd7 12.Na2 Re8 13.Qe1 Bc7 14.Nb4 e5 15.dxe5 Nxe5
16.Nxe5 Bxe5 17.Nd3 d4 18.Nxe5 Rxe5 19.exd4  1/2-1/2

[Event "Dortmund"]
[Site "Dortmund"]
[Date "1994.??.??"]
[Round "8"]
[White "Dreev, Alexey"]
[Black "Karpov, Anatoly"]
[Result "1/2-1/2"]
[WhiteElo "2645"]
[BlackElo "2740"]

1.d4 Nf6 2.c4 e6 3.Nf3 b6 4.Nc3 Bb4 5.Qb3 Qe7 6.g3 Bb7 7.Bg2 c5 8.a3 Bxc3+
9.Qxc3 cxd4 10.Qxd4 Nc6 11.Qh4 Na5 12.Bg5 h6 13.O-O O-O 14.Bxf6 Qxf6 15.Qxf6 gxf6
16.Nd2 Rfc8 17.Rfd1 Bxg2 18.Kxg2 Kf8 19.Rac1 Rc7 20.Rc3 Rac8  1/2-1/2

[Event "Dortmund"]
[Site "Dortmund"]
[Date "1994.??.??"]
[Round "9"]
[White "Kortschnoj, Viktor"]
[Black "Dreev, Alexey"]
[Result "1/2-1/2"]
[WhiteElo "2615"]
[BlackElo "2645"]

1.d4 d5 2.c4 c6 3.Nf3 Nf6 4.cxd5 cxd5 5.Nc3 Nc6 6.Bf4 a6 7.Rc1 Ne4 8.a3 Bf5
9.e3 e6 10.Bd3 Nxc3 11.Rxc3 Bxd3 12.Qxd3 Bd6 13.Bxd6  1/2-1/2

[Event "Moscow ol (Men)"]
[Site "Moscow"]
[Date "1994.??.??"]
[Round "3"]
[White "Dreev, Alexey"]
[Black "Annakov, Babakuli"]
[Result "1-0"]
[WhiteElo "2650"]
[BlackElo "2350"]

1.d4 d6 2.e4 Nf6 3.f3 c6 4.c4 Nbd7 5.Nc3 e5 6.Nge2 Be7 7.Be3 O-O 8.Qd2 a6
9.Ng3 Re8 10.d5 Bf8 11.Bd3 cxd5 12.cxd5 b5 13.b4 Nb6 14.a4 Nc4 15.Bxc4 bxc4
16.O-O Bd7 17.Rfc1 Qb8 18.Rab1 Rc8 19.Qe2 Be7 20.Rb2 Bd8 21.Qf2 Qb7 22.Kh1 g6
23.h3 Ne8 24.f4 Bh4 25.Qf3 Ng7 26.f5 Kh8 27.Rf1 Bxg3 28.Qxg3 gxf5 29.Bh6 Rg8
30.Qh4 f4 31.Qf6 Qc8 32.Qxd6 Bxh3 33.Qxe5 Qd7 34.Rxf4 Rae8 35.Qf6 Bg4 36.Qxf7 Qc8
37.Qf6 Bh5 38.Rbf2 Qb8 39.b5 axb5 40.axb5  1-0

[Event "Moscow ol (Men)"]
[Site "Moscow"]
[Date "1994.??.??"]
[Round "6"]
[White "Spasov, Vasil"]
[Black "Dreev, Alexey"]
[Result "1-0"]
[WhiteElo "2525"]
[BlackElo "2650"]

1.e4 e6 2.d4 d5 3.Nd2 c5 4.Ngf3 cxd4 5.Nxd4 Nf6 6.exd5 Nxd5 7.N2f3 Be7 8.Bd3 Nd7
9.O-O O-O 10.c4 N5f6 11.Bf4 Nh5 12.Be3 g6 13.Re1 a6 14.Rc1 Re8 15.Bf1 Bf8
16.a3 b6 17.b4 Bb7 18.Nb3 Nhf6 19.Bd4 a5 20.c5 bxc5 21.bxc5 a4 22.Nbd2 Bc6
23.Ne5 Nxe5 24.Bxe5 Nd7 25.Bd6 Bxd6 26.cxd6 Bd5 27.Ne4 Nf6 28.Nxf6+ Qxf6
29.d7 Red8 30.Rc7 Qb2 31.Qc1 Qb6 32.Qf4 Ra7 33.Rxa7 Qxa7 34.Bb5 Qa5 35.Rb1 Qb6
36.Rb4 Bc6 37.Bxa4 Qc5 38.Rb8  1-0

[Event "Moscow ol (Men)"]
[Site "Moscow"]
[Date "1994.??.??"]
[Round "8"]
[White "Dreev, Alexey"]
[Black "Kurajica, Bojan"]
[Result "1/2-1/2"]
[WhiteElo "2650"]
[BlackElo "2565"]

1.d4 Nf6 2.c4 e6 3.Nf3 Bb4+ 4.Nbd2 b6 5.e3 O-O 6.Bd3 d5 7.O-O c5 8.cxd5 exd5
9.Ne5 Bb7 10.dxc5 bxc5 11.Ndf3 Re8 12.Bb5 Nbd7 13.Nxd7 Nxd7 14.a3 Ba5 15.b4 Bb6
16.bxc5 Bxc5 17.Qa4 Re4 18.Qb3 Ne5 19.Nxe5 Rxe5 20.Bb2 d4 21.exd4  1/2-1/2

[Event "Moscow ol (Men)"]
[Site "Moscow"]
[Date "1994.??.??"]
[Round "10"]
[White "Sepp, Olav"]
[Black "Dreev, Alexey"]
[Result "0-1"]
[WhiteElo "2470"]
[BlackElo "2650"]

1.e4 c5 2.g3 d5 3.exd5 Qxd5 4.Nf3 Nc6 5.Bg2 Qe6+ 6.Kf1 g6 7.Nc3 Bg7 8.d3 Nf6
9.Be3 Nd5 10.Bd2 Nxc3 11.Bxc3 Bxc3 12.bxc3 Qf6 13.Qd2 h6 14.Rb1 Kf8 15.h3 Kg7
16.Nh2 b6 17.Ng4 Qd6 18.Re1 Be6 19.Qe3 Rad8 20.Qe4 Bd7 21.Ne5 Nxe5 22.Qxe5+ Qxe5
23.Rxe5 Kf6 24.Re2 e5 25.c4 b5 26.Bd5 bxc4 27.Bxc4 Bc6 28.Rg1 g5 29.Ke1 h5
30.Kd2 h4 31.g4 Rd4 32.Rge1 Re8 33.a4 Re7 34.Rb1 Rf4 35.Ke1 e4 36.Rb8 Bxa4
37.Kd2 exd3 38.cxd3 Bc6 39.Rc8 Bg2 40.Rxc5 Rxe2+ 41.Kxe2 Bxh3 42.f3 Bg2 43.Bd5 Rb4
44.Rc2 Ke5 45.Kf2 Kxd5 46.Kxg2 a5 47.Rc7 f6 48.Ra7 a4 49.Ra6 Kd4 50.Rxf6 a3
51.f4 a2 52.Ra6 Rb2+  0-1

[Event "Moscow ol (Men)"]
[Site "Moscow"]
[Date "1994.??.??"]
[Round "12"]
[White "Sakaev, Konstantin"]
[Black "Dreev, Alexey"]
[Result "1/2-1/2"]
[WhiteElo "2555"]
[BlackElo "2650"]

1.d4 d5 2.c4 c6 3.Nf3 Nf6 4.Nc3 a6 5.c5 Nbd7 6.Bf4 g6 7.e3 Bg7 8.h3 b6 9.cxb6 Qxb6
10.Qb3 O-O 11.Bd3 a5 12.Qxb6 Nxb6 13.Ne5 Bb7 14.Rb1 Nfd7  1/2-1/2

[Event "Moscow ol (Men)"]
[Site "Moscow"]
[Date "1994.??.??"]
[Round "14"]
[White "Dreev, Alexey"]
[Black "Huebner, Robert"]
[Result "1/2-1/2"]
[WhiteElo "2650"]
[BlackElo "2605"]

1.d4 d5 2.c4 dxc4 3.Nf3 a6 4.e3 Nf6 5.Bxc4 e6 6.O-O c5 7.Bd3 cxd4 8.exd4 Be7
9.Nc3 b5 10.Bg5 Bb7 11.Bxf6 Bxf6 12.Be4 Ra7 13.Qc2 Bxe4 14.Nxe4 O-O 15.Rfd1 Rd7
16.Nxf6+ Qxf6 17.a4 Rd5 18.axb5  1/2-1/2

[Event "Munich Express"]
[Site "Munich"]
[Date "1994.??.??"]
[Round "?"]
[White "Dreev, Alexey"]
[Black "Nikolic, Predrag"]
[Result "1/2-1/2"]
[WhiteElo "2645"]
[BlackElo "2625"]

1.d4 Nf6 2.Nf3 e6 3.c4 Bb4+ 4.Nbd2 O-O 5.e3 b6 6.Bd3 Bb7 7.O-O d5 8.a3 Bd6
9.b4 c5 10.bxc5 bxc5 11.Rb1 Qc7 12.Bb2 cxd4 13.Bxd4 Nbd7 14.cxd5 e5 15.Ba1 Bxd5
16.e4 Be6 17.Ng5 Bg4 18.f3 h6 19.Nxf7 Bc5+ 20.Kh1 Be6 21.Nxh6+ gxh6 22.f4 exf4
23.e5 Nxe5 24.Ne4 Nxe4 25.Bxe4 Rab8 26.Qh5 Rxb1 27.Rxb1 Bd6 28.Qxh6 Re8 29.Rd1 Bf8
30.Bxe5 Bxh6 31.Bxc7 Bb3 32.Re1 Kh8 33.Ba5 Bg7 34.Bf3 Rxe1+ 35.Bxe1 Bf8 36.Bb4 Bg7
37.Bc5 a5 38.Kg1 Bb2 39.Kf2  1/2-1/2

[Event "Tilburg rapid20"]
[Site "Tilburg"]
[Date "1994.??.??"]
[Round "1"]
[White "Dreev, Alexey"]
[Black "Mecking, Henrique"]
[Result "1-0"]
[WhiteElo "2650"]
[BlackElo "2575"]

1.d4 Nf6 2.Nf3 e6 3.Bg5 c5 4.e3 b6 5.d5 d6 6.Nc3 Be7 7.Bb5+ Bd7 8.Bxd7+ Nbxd7
9.dxe6 fxe6 10.e4 O-O 11.Qd3 Ne8 12.Bxe7 Qxe7 13.O-O Ne5 14.Nxe5 dxe5 15.Rad1 Nf6
16.Qg3 Qc7 17.Nb5 Qc6 18.Nd6 Nxe4 19.Qxe5 Nxd6 20.Rxd6 Qa4 21.Qxe6+ Kh8 22.Qb3 Qf4
23.Qg3 Qf5 24.Qd3 Qe5 25.c3 Rae8 26.Rd7 Re7 27.Rxe7 Qxe7 28.Qe3 Qf7 29.b3 Re8
30.Qd3 h6 31.c4 Qf6 32.g3 Rd8 33.Qe3 Qd6 34.Re1 Qd2 35.Qe7 Kg8 36.Kg2 Rf8
37.Re2 Qd3 38.Qe6+ Kh8 39.Qe4 Qd1 40.h4 Qd7 41.Qe7 Qc6+ 42.Qe4 Qd7 43.Qd5 Qf7
44.Qxf7 Rxf7 45.h5 Kh7 46.f4 g6 47.hxg6+ Kxg6 48.Re6+ Kg7 49.Rd6 Rb7 50.Kf3 b5
51.cxb5 Rxb5 52.Rd7+ Kg6 53.Rxa7 Rb6 54.g4 Rc6 55.Ra4 Rd6 56.Ke4 Rd2 57.Ra6+ Kg7
58.Kf5 Rd5+ 59.Ke6 Rd4 60.Ra7+ Kg8 61.Kf5 Rd5+ 62.Kg6 Rd6+ 63.Kh5 Rc6 64.f5 c4
65.bxc4 Rxc4 66.a4 Rf4 67.a5 Ra4 68.Rb7 Rxa5 69.Kxh6 Ra6+ 70.Kh5 Rf6 71.Rb5 Ra6
72.g5 Rc6 73.g6 Rc1 74.Kg5 Rc8 75.f6 Ra8 76.Kh6 Rc8 77.f7+ Kf8 78.Kh7  1-0

[Event "Tilburg rapid20"]
[Site "Tilburg"]
[Date "1994.??.??"]
[Round "1"]
[White "Mecking, Henrique"]
[Black "Dreev, Alexey"]
[Result "1/2-1/2"]
[WhiteElo "2575"]
[BlackElo "2650"]

1.d4 d5 2.c4 c6 3.Nf3 Nf6 4.Nc3 e6 5.e3 Nbd7 6.Bd3 dxc4 7.Bxc4 b5 8.Bd3 Bb7
9.a3 b4 10.Ne4 c5 11.Nxf6+ gxf6 12.O-O Qb6 13.axb4 cxd4 14.Nxd4 Bxb4 15.Bd2 Rg8
16.f3 Rg5 17.Bxb4 Qxb4 18.Qb3 Qxb3 19.Nxb3 Nc5 20.Nxc5 Rxc5 21.Rfc1 Rxc1+
22.Rxc1 Kd7 23.Kf2 f5 24.Rc4 Bc6 25.g4 Rb8 26.gxf5 Rxb2+ 27.Kg3 e5 28.Rh4 Rb3
29.Be4 Rxe3 30.Bxc6+ Kxc6 31.Rxh7 Kd6 32.Rxf7 e4 33.Kf4 Rxf3+ 34.Kxe4 Rh3
35.Kf4 Rxh2 36.Kg5 Ra2 37.Kg6 a5 38.Ra7 Kc5 39.f6 Rg2+ 40.Kf5 Rf2+ 41.Ke6 Re2+
42.Kd7 Rf2 43.Ke7 Kb4 44.f7 Re2+ 45.Kd8 Rf2 46.Ke7 Re2+ 47.Kd8 Rf2 48.Ke8 a4
49.f8=R Rxf8+ 50.Kxf8 a3 51.Ke7 Kb3 52.Kd6 a2 53.Kc5 Kb2 54.Kb4 a1=Q 55.Rxa1 Kxa1  1/2-1/2

[Event "Tilburg blitz"]
[Site "Tilburg"]
[Date "1994.??.??"]
[Round "3"]
[White "Epishin, Vladimir"]
[Black "Dreev, Alexey"]
[Result "0-1"]
[WhiteElo "2650"]
[BlackElo "2650"]

1.d4 d5 2.c4 c6 3.Nc3 Nf6 4.e3 a6 5.Bd3 dxc4 6.Bxc4 b5 7.Be2 e6 8.Bf3 Ra7
9.e4 Rd7 10.Nge2 e5 11.Qb3 exd4 12.e5 dxc3 13.exf6 Qxf6 14.O-O Be7 15.Nxc3 O-O
16.Ne4 Qe5 17.g3 Qf5 18.Bf4 Bb7 19.Rfe1 c5 20.h3 c4 21.Qc3 Rd3 22.Bg4 Qd5
23.Rad1 Rxd1 24.Bxd1 f5 25.Bf3 fxe4 26.Rxe4 Qf7 27.Qe3 Bxe4 28.Bxe4 Nd7 29.Qa7 Nf6
30.Bg2 Qe6 31.Kh2 h6 32.Qb7 Rd8 33.Be3 Nd5 34.Bd4 Bf6 35.Bc5 b4 36.h4 c3
37.bxc3 bxc3 38.Bh3 Qf7 39.Qc6 Kh8 40.Ba3 Be7 41.Bxe7 Nxe7 42.Qc5 Rd2 43.Kg1 Qxf2+  0-1

[Event "Tilburg blitz"]
[Site "Tilburg"]
[Date "1994.??.??"]
[Round "3"]
[White "Dreev, Alexey"]
[Black "Epishin, Vladimir"]
[Result "1-0"]
[WhiteElo "2650"]
[BlackElo "2650"]

1.d4 Nf6 2.c4 e6 3.Nf3 Bb4+ 4.Nbd2 b6 5.e3 Bb7 6.Bd3 O-O 7.O-O c5 8.a3 Bxd2
9.Bxd2 d6 10.Bc3 Nbd7 11.b4 Qc7 12.Bb2 Rfe8 13.Be2 e5 14.Rc1 cxd4 15.exd4 Nh5
16.c5 bxc5 17.bxc5 dxc5 18.dxc5 Nf4 19.Bc4 Qc6 20.Qb3 Re6 21.Bxe6 fxe6 22.Rfe1 Rf8
23.Re3 Rf6 24.a4 Rg6 25.g3 Nh3+ 26.Kf1 Rf6 27.Ke1 a6 28.Bxe5 Rxf3 29.Rxf3 Nxe5
30.Re3 Ng5 31.Qb6 Ngf3+ 32.Kf1 Qd5 33.Qd6  1-0

[Event "Tilburg rapid20"]
[Site "Tilburg"]
[Date "1994.??.??"]
[Round "3"]
[White "Epishin, Vladimir"]
[Black "Dreev, Alexey"]
[Result "1-0"]
[WhiteElo "2650"]
[BlackElo "2650"]

1.d4 d5 2.c4 c6 3.Nc3 Nf6 4.e3 e6 5.Nf3 Nbd7 6.Qc2 Bd6 7.Be2 O-O 8.O-O b6
9.e4 dxe4 10.Nxe4 Nxe4 11.Qxe4 Bb7 12.Bd3 g6 13.Re1 Re8 14.Bg5 Qc7 15.Rad1 c5
16.d5 f6 17.Bh6 Ne5 18.Nxe5 Bxe5 19.Qg4 f5 20.Qg5 Bxh2+ 21.Kh1 Bd6 22.dxe6 Be7
23.Qe3 Bf6 24.Bc2 Qc6 25.f3 Re7 26.Bf4 Bd4 27.Rxd4 cxd4 28.Qxd4 Rxe6 29.Rxe6 Qxe6
30.Bd2 Kf7 31.Bb3 Ke8 32.c5 Qe7 33.Ba4+ Kf7 34.c6 Bxc6 35.Bxc6 Rd8 36.Bd5+ Ke8
37.Qa4+ Rd7 38.Bc6 b5 39.Qxa7  1-0